Lanean...
Multicultural education: issues and perspectives
| Egile Nagusiak: | , |
|---|---|
| Formatua: | Printed Book |
| Hizkuntza: | English |
| Argitaratua: |
Boston, Allyn and Bacon
1993 |
| Gaiak: |
| LEADER | 007520000a22002410004500 | ||
|---|---|---|---|
| 020 | |a 0205140440 | ||
| 041 | |a eng | ||
| 082 | |a 370.193 41 N3 | ||
| 100 | |a Banks, Cherry A Mcgree |9 29077 | ||
| 100 | |a Banks, James A |9 29077 | ||
| 245 | |a Multicultural education: issues and perspectives | ||
| 260 | |a Boston, Allyn and Bacon | ||
| 260 | |a 1993 | ||
| 650 | |a Education |9 116827 | ||
| 650 | |a Educational anthropology |9 116828 | ||
| 650 | |a Educational equalization |9 116829 | ||
| 650 | |a Exceptionality |9 98808 | ||
| 650 | |a Intercultural Education |9 116830 | ||
| 650 | |a Minorities |9 116831 | ||
| 650 | |a United States |9 116832 | ||
| 942 | |c BK | ||
| 999 | |c 167461 |d 167457 | ||
| 952 | |0 0 |1 0 |4 0 |7 0 |9 165896 |a SPS |b SPS |d 2019-04-16 |l 0 |p SPS04077 |r 2019-04-16 |w 2019-04-16 |y BK | ||